[Event "XXXIX C.to Italiano a squadre Master"]
[Site "Palermo ITA"]
[Date "2007.04.21"]
[Round "4"]
[White "De Val, Daniele"]
[Black "Amato, Andrea"]
[Result "1-0"]
[WhiteElo "2182"]
[BlackElo "2267"]
[PlyCount "111"]
[EventDate "2007.04.20"]

1. d4 d5 2. Nf3 Nf6 3. Bg5 Ne4 4. Bf4 e6 5. Nbd2 c5 6. e3 Qb6 7. Qc1 Nd7 8. c3
Bd6 9. Bxd6 Qxd6 10. Nxe4 dxe4 11. Nd2 f5 12. Be2 O-O 13. O-O b6 14. f3 Bb7 15.
fxe4 fxe4 16. Qc2 Qc6 17. Qb3 a6 18. Bc4 Rae8 19. Rxf8+ Nxf8 20. a4 Kh8 21. Rf1
Nd7 22. Rf7 Nf6 23. Bxe6 Rxe6 24. Rxb7 h6 25. Rb8+ Kh7 26. a5 bxa5 27. Nc4 cxd4
28. Rb6 Qd7 29. Rxe6 Qxe6 30. cxd4 Ng4 31. Qc2 Qc6 32. Qe2 Nf6 33. Nxa5 Qc1+
34. Kf2 Nd5 35. Nb3 Qb1 36. Qd2 Nf6 37. h3 Nd5 38. Qc1 Qd3 39. Nc5 Nb4 40. Kg3
Qb5 41. Nxe4 Nd3 42. Qf1 Qb8+ 43. Kf3 Nxb2 44. Qxa6 Qf8+ 45. Kg3 Qf5 46. Nc3
Qg5+ 47. Kf2 Qf5+ 48. Kg1 Qc2 49. Nd5 Nd3 50. Qe6 Ne1 51. Qg4 Kg8 52. Ne7+ Kf7
53. Nf5 Qc1 54. Qxg7+ Ke6 55. Qg6+ Kd5 56. Ne7+ 1-0

[Event "XXXIX C.to Italiano a squadre Master"]
[Site "Palermo ITA"]
[Date "2007.04.21"]
[Round "4"]
[White "Mariano, Elia"]
[Black "D'Amore, Carlo"]
[Result "0-1"]
[WhiteElo "2192"]
[BlackElo "2476"]
[PlyCount "52"]
[EventDate "2007.04.20"]

1. d4 d5 2. c4 c6 3. Nf3 Nf6 4. cxd5 cxd5 5. Nc3 Nc6 6. Bf4 h6 7. e3 Bg4 8. Be2
e6 9. O-O Bd6 10. Bxd6 Qxd6 11. Rc1 O-O 12. Na4 Nd7 13. Nc5 Bxf3 14. Bxf3 Nxc5
15. Rxc5 Ne5 16. Rc3 Nc4 17. e4 Nxb2 18. Qb3 Nc4 19. exd5 Nd2 20. Qxb7 Nxf1 21.
Kxf1 Qxh2 22. dxe6 fxe6 23. Qc6 Rab8 24. Qxe6+ Kh8 25. Be4 Rfe8 26. Qc6 Qh1+
0-1

[Event "XXXIX C.to Italiano a squadre Master"]
[Site "Palermo ITA"]
[Date "2007.04.21"]
[Round "4"]
[White "Mascellani, Marco"]
[Black "Patelli, Alessandro"]
[Result "1-0"]
[WhiteElo "2305"]
[BlackElo "2219"]
[PlyCount "91"]
[EventDate "2007.04.20"]

1. d4 Nf6 2. Nf3 e6 3. Bg5 c5 4. e3 b6 5. Bd3 Bb7 6. O-O Be7 7. Nbd2 O-O 8. c3
cxd4 9. cxd4 Nd5 10. Bxe7 Qxe7 11. Rc1 Nc6 12. Ne4 Ncb4 13. Bb1 f5 14. Nc3 Nf6
15. a3 Nbd5 16. Nxd5 Nxd5 17. Ba2 Rfc8 18. Qe2 Qd8 19. Ne5 Rxc1 20. Rxc1 Rc8
21. Rxc8 Qxc8 22. Qc4 Nf6 23. f3 Qxc4 24. Bxc4 Kf8 25. Kf2 Ke7 26. Bb5 a6 27.
Bd3 b5 28. Bb1 d6 29. Nd3 g5 30. Ke2 Kd7 31. Nf2 g4 32. e4 gxf3+ 33. gxf3 fxe4
34. fxe4 e5 35. Ke3 Kc7 36. Ba2 Bc8 37. Bf7 Kd8 38. Bb3 Kc7 39. Bd1 Kb6 40.
dxe5 dxe5 41. Nd3 Bg4 42. Bf3 Bxf3 43. Kxf3 Nd7 44. Kg4 Nc5 45. Nxc5 Kxc5 46.
Kf5 1-0

[Event "XXXIX C.to Italiano a squadre Master"]
[Site "Palermo ITA"]
[Date "2007.04.21"]
[Round "4"]
[White "Napoli, Nicolo'"]
[Black "Manca, Federico"]
[Result "1/2-1/2"]
[WhiteElo "2266"]
[BlackElo "2424"]
[PlyCount "64"]
[EventDate "2007.04.20"]

1. e4 d6 2. d4 Nf6 3. Nc3 g6 4. f4 Bg7 5. Nf3 O-O 6. e5 Nfd7 7. Bc4 e6 8. O-O
c5 9. d5 Nb6 10. Qe2 Nxc4 11. Qxc4 exd5 12. Nxd5 Be6 13. Rd1 Nc6 14. Be3 dxe5
15. Bxc5 Re8 16. Ng5 Bxd5 17. Rxd5 Qc7 18. Rad1 Nd4 19. c3 b6 20. cxd4 exd4 21.
Nxf7 Qxf7 22. Bxd4 Rac8 23. Qb3 Bxd4+ 24. R5xd4 Qxb3 25. axb3 Rc2 26. R4d2 Re2
27. Rxc2 Rxc2 28. Rd8+ Kg7 29. Rd7+ Kg8 30. Rxa7 Rxb2 31. Ra8+ Kf7 32. Ra7+ Kg8
1/2-1/2

[Event "XXXIX C.to Italiano a squadre Master"]
[Site "Palermo ITA"]
[Date "2007.04.21"]
[Round "4"]
[White "Ortega, Lexy"]
[Black "Mazzilli, Piero"]
[Result "1-0"]
[WhiteElo "2425"]
[BlackElo "2294"]
[PlyCount "43"]
[EventDate "2007.04.20"]

1. d4 d5 2. Bf4 c5 3. e3 Nc6 4. c3 Qb6 5. Qb3 c4 6. Qc2 Bf5 7. Qxf5 Qxb2 8.
Qxd5 Qxa1 9. Qb5 O-O-O 10. Qf5+ e6 11. Qc2 Na5 12. Nf3 Rd5 13. Be2 Rb5 14. O-O
Nf6 15. Qa4 a6 16. Nfd2 Nd5 17. Nxc4 Nc6 18. Qc2 Rxb1 19. Rxb1 Qxc3 20. Nb6+
Kd8 21. Qe4 Nxf4 22. Qxf4 1-0

[Event "XXXIX C.to Italiano a squadre Master"]
[Site "Palermo ITA"]
[Date "2007.04.21"]
[Round "4"]
[White "Sgnaolin, Davide"]
[Black "Colangeli, Roberto"]
[Result "1-0"]
[WhiteElo "2189"]
[BlackElo "1563"]
[PlyCount "51"]
[EventDate "2007.04.20"]

1. e4 Nc6 2. Nf3 e5 3. Bb5 d6 4. c3 Bd7 5. d4 Nf6 6. Nbd2 a6 7. Ba4 Qe7 8. O-O
O-O-O 9. d5 Na7 10. Bxd7+ Qxd7 11. a4 h5 12. b4 c6 13. dxc6 Qxc6 14. Qe2 Qxc3
15. Ba3 Kb8 16. Rfc1 Qxa1 17. Rxa1 Be7 18. b5 a5 19. Nc4 Ne8 20. Nxa5 g5 21.
Rc1 g4 22. Nxe5 Bg5 23. Nec6+ Nxc6 24. Nxc6+ bxc6 25. bxc6 Bxc1 26. Qb5+ 1-0

[Event "XXXIX C.to Italiano a squadre Master"]
[Site "Palermo ITA"]
[Date "2007.04.21"]
[Round "4"]
[White "Silvetti, Antonio"]
[Black "Pozzi, Enrico"]
[Result "0-1"]
[WhiteElo "2077"]
[BlackElo "2211"]
[PlyCount "86"]
[EventDate "2007.04.20"]

1. d4 d6 2. Nf3 Nf6 3. Bg5 Nbd7 4. e3 c6 5. Nbd2 h6 6. Bh4 e6 7. Bd3 Be7 8. c3
a6 9. a4 b6 10. O-O Bb7 11. Re1 Nh5 12. Bxe7 Qxe7 13. Bc2 g6 14. e4 e5 15. Nc4
O-O 16. dxe5 dxe5 17. Qd6 Qxd6 18. Nxd6 Bc8 19. Rad1 Nhf6 20. b4 a5 21. Nxc8
Rfxc8 22. Bb3 Kg7 23. h3 Ra7 24. Rd6 axb4 25. cxb4 c5 26. b5 c4 27. Bc2 Ne8 28.
Rd5 Kf6 29. Red1 Ke6 30. g4 Rc5 31. Rxc5 Nxc5 32. Rd5 Nd7 33. Rd1 Nd6 34. Nd2
Nc5 35. f3 Ra5 36. Kg2 Nxa4 37. Nxc4 Nxc4 38. Bb3 Nab2 39. Rc1 Rxb5 40. Bxc4+
Nxc4 41. Rxc4 Rc5 42. Ra4 Rc7 43. Kf2 Kd6 0-1

[Event "XXXIX C.to Italiano a squadre Master"]
[Site "Palermo ITA"]
[Date "2007.04.22"]
[Round "5"]
[White "Barlocco, Carlo"]
[Black "Fontaine, Robert"]
[Result "0-1"]
[WhiteElo "2119"]
[BlackElo "2567"]
[PlyCount "80"]
[EventDate "2007.04.20"]

1. d4 d5 2. Nf3 c6 3. c3 Nd7 4. Bf4 Ngf6 5. e3 Nh5 6. Bg5 h6 7. Bh4 g5 8. Ne5
Nxe5 9. dxe5 Qb6 10. b3 Ng7 11. Bg3 h5 12. h3 Nf5 13. Bh2 g4 14. Bf4 g3 15. Bd3
gxf2+ 16. Kxf2 Be6 17. Nd2 O-O-O 18. Nf3 Rg8 19. Nd4 Ng7 20. b4 Bd7 21. a4 Ne6
22. Qxh5 Bg7 23. Qe2 Rdf8 24. a5 Qc7 25. b5 Bxe5 26. b6 Nxf4 27. bxc7 Nxe2 28.
Nxe2 Kxc7 29. Rac1 f5 30. g3 c5 31. c4 d4 32. exd4 cxd4 33. Nf4 Bxf4 34. gxf4
Bc6 35. Rhg1 Rh8 36. Rg3 Rh4 37. Rcg1 Rxf4+ 38. Ke2 Rf6 39. Rf1 Rxf1 40. Kxf1
e5 0-1

[Event "XXXIX C.to Italiano a squadre Master"]
[Site "Palermo ITA"]
[Date "2007.04.22"]
[Round "5"]
[White "Bellini, Fabio"]
[Black "Godena, Michele"]
[Result "1/2-1/2"]
[WhiteElo "2509"]
[BlackElo "2558"]
[PlyCount "26"]
[EventDate "2007.04.20"]

1. e4 e5 2. Nf3 Nc6 3. Bc4 Bc5 4. c3 Nf6 5. d3 O-O 6. Qe2 d5 7. Bb5 h6 8. Nbd2
Re8 9. O-O Bd7 10. Ba4 a5 11. Re1 Ng4 12. Rf1 Nf6 13. Re1 Ng4 1/2-1/2

[Event "XXXIX C.to Italiano a squadre Master"]
[Site "Palermo ITA"]
[Date "2007.04.22"]
[Round "5"]
[White "Brunello, Sabino"]
[Black "Pozzi, Enrico"]
[Result "1-0"]
[WhiteElo "2454"]
[BlackElo "2211"]
[PlyCount "40"]
[EventDate "2007.04.20"]

1. e4 e5 2. Nf3 d6 3. d4 Nf6 4. Nc3 Nbd7 5. Bc4 Be7 6. O-O O-O 7. Re1 c6 8. a4
a5 9. h3 Qc7 10. b3 Nb6 11. Bd3 Re8 12. Bb2 Be6 13. Qd2 Rad8 14. Rad1 Bf8 15.
Ne2 Nbd7 16. Ng3 h6 17. Qc1 exd4 18. Nxd4 Ne5 19. Bf1 Bc8 20. Ndf5 Bxf5 1-0

[Event "XXXIX C.to Italiano a squadre Master"]
[Site "Palermo ITA"]
[Date "2007.04.22"]
[Round "5"]
[White "Caposciutti, Maurizio"]
[Black "Guidi, Maurizio"]
[Result "1-0"]
[WhiteElo "2301"]
[BlackElo "2067"]
[PlyCount "59"]
[EventDate "2007.04.20"]

1. Nf3 Nf6 2. c4 g6 3. b3 Bg7 4. Bb2 O-O 5. g3 d6 6. d4 Nbd7 7. Bg2 Re8 8. O-O
e5 9. dxe5 Ng4 10. Nc3 Ngxe5 11. Qd2 Nf6 12. Rfd1 Qe7 13. Rac1 Rb8 14. Nd5 Nxd5
15. cxd5 Nxf3+ 16. Bxf3 Bxb2 17. Qxb2 Bf5 18. Rc4 h5 19. h4 Rbc8 20. Rdc1 Bg4
21. Bxg4 hxg4 22. e3 Qe5 23. Qxe5 Rxe5 24. Rxc7 Rxc7 25. Rxc7 Rxd5 26. Rxb7 Ra5
27. a4 Kg7 28. Kf1 Kf6 29. Ke2 Ke6 30. e4 1-0

[Event "XXXIX C.to Italiano a squadre Master"]
[Site "Palermo ITA"]
[Date "2007.04.22"]
[Round "5"]
[White "Cocchi, Andrea"]
[Black "Silvetti, Antonio"]
[Result "1-0"]
[WhiteElo "2321"]
[BlackElo "2077"]
[PlyCount "120"]
[EventDate "2007.04.20"]

1. Nf3 Nf6 2. c4 c5 3. Nc3 Nc6 4. d4 cxd4 5. Nxd4 g6 6. g3 Bg7 7. Bg2 O-O 8.
Nc2 d6 9. O-O Be6 10. b3 Qa5 11. Bd2 Qh5 12. e4 Qxd1 13. Raxd1 Rab8 14. Nd5
Rfc8 15. Bg5 Bxd5 16. exd5 Ne5 17. Nd4 h6 18. Bc1 a6 19. Rfe1 Kf8 20. Re2 Ng8
21. Bb2 Nd7 22. Rc2 Bxd4 23. Bxd4 b5 24. Rdc1 b4 25. Bh3 Rc7 26. Bxd7 Rxd7 27.
Kg2 f6 28. g4 h5 29. gxh5 gxh5 30. Kf3 Nh6 31. Kf4 Kf7 32. Rg1 Rg8 33. Rxg8
Kxg8 34. f3 Nf7 35. Kf5 Rc7 36. Bb6 Rb7 37. Be3 Ne5 38. f4 Ng4 39. Bd4 Kf7 40.
Ke4 a5 41. h3 Nh6 42. f5 Ke8 43. c5 dxc5 44. Rxc5 Nf7 45. Kf4 Nd6 46. Rxa5 Nb5
47. Ke3 Kd7 48. Bc5 Nc3 49. Kd4 Ne2+ 50. Kc4 Ng3 51. Bxb4 Nxf5 52. Bc5 Rc7 53.
Kd3 Nd6 54. b4 Nb7 55. Rb5 Nxc5+ 56. Rxc5 Ra7 57. Ra5 Rxa5 58. bxa5 Kc7 59. Ke4
Kb7 60. Kf5 Ka6 1-0

[Event "XXXIX C.to Italiano a squadre Master"]
[Site "Palermo ITA"]
[Date "2007.04.22"]
[Round "5"]
[White "Colangeli, Roberto"]
[Black "Scalcione, Michelangelo"]
[Result "0-1"]
[WhiteElo "1563"]
[BlackElo "2276"]
[PlyCount "70"]
[EventDate "2007.04.20"]

1. Nf3 d6 2. d4 Bg4 3. c4 Nd7 4. e4 g6 5. a4 Bg7 6. Be2 c5 7. Be3 e6 8. Qc2
Bxf3 9. gxf3 cxd4 10. Bd2 Ne7 11. a5 Nc5 12. Ra3 O-O 13. b4 Nd7 14. f4 Rc8 15.
h4 d5 16. c5 b6 17. h5 bxc5 18. b5 c4 19. Rah3 Nc5 20. f5 d3 21. Qd1 exf5 22.
hxg6 hxg6 23. Bh6 Qxa5+ 24. Kf1 dxe4 25. Bxg7 Kxg7 26. Bh5 Rh8 27. Qc1 Ne6 28.
Qb2+ c3 29. Nxc3 Qxc3 30. Qa2 Nf4 31. Kg1 Nxh3+ 32. Rxh3 Qc1+ 33. Kg2 Qg5+ 34.
Rg3 Qxh5 35. Qb2+ Kg8 0-1

[Event "XXXIX C.to Italiano a squadre Master"]
[Site "Palermo ITA"]
[Date "2007.04.22"]
[Round "5"]
[White "Corso, Sergio"]
[Black "Napoli, Nicolo'"]
[Result "1-0"]
[WhiteElo "2303"]
[BlackElo "2266"]
[PlyCount "91"]
[EventDate "2007.04.20"]

1. d4 e6 2. Nf3 c5 3. e3 Nf6 4. Be2 Be7 5. O-O O-O 6. b3 Ne4 7. Bb2 Bf6 8. Nbd2
d5 9. Nxe4 dxe4 10. Nd2 Qd5 11. c4 Qc6 12. Qc2 cxd4 13. exd4 Rd8 14. Qxe4 Bxd4
15. Bxd4 Qxe4 16. Nxe4 Rxd4 17. Rad1 Nc6 18. Nd6 Rb8 19. Bf3 e5 20. Nb5 Be6 21.
Nxd4 Nxd4 22. Rfe1 Nxf3+ 23. gxf3 f6 24. Kg2 Kf7 25. Kg3 g5 26. h4 Rg8 27. h5
Kg7 28. Rd6 Re8 29. c5 Re7 30. Rc1 Bd7 31. Rcd1 Be8 32. Kg4 e4 33. f4 e3 34.
fxe3 Rxe3 35. h6+ Kg6 36. fxg5 Re4+ 37. Kf3 Re5 38. gxf6 Bc6+ 39. Kf2 Rf5+ 40.
Ke3 Kxh6 41. Rg1 Rf3+ 42. Kd4 Kh5 43. Rxc6 bxc6 44. Ke5 Re3+ 45. Kd6 Rf3 46.
Ke7 1-0

[Event "XXXIX C.to Italiano a squadre Master"]
[Site "Palermo ITA"]
[Date "2007.04.22"]
[Round "5"]
[White "De Val, Daniele"]
[Black "Aglietti, Graziano"]
[Result "1-0"]
[WhiteElo "2182"]
[BlackElo "2054"]
[PlyCount "61"]
[EventDate "2007.04.20"]

1. d4 d5 2. Nf3 Nf6 3. Bg5 e6 4. e3 c5 5. c3 h6 6. Bh4 Nc6 7. Ne5 Qc7 8. f4 Ne4
9. Nd2 cxd4 10. exd4 Nd6 11. Bd3 Nc4 12. Ndxc4 dxc4 13. Be4 Bd7 14. Qh5 Nxe5
15. fxe5 Bc6 16. Bxc6+ Qxc6 17. O-O g6 18. Qe2 Bg7 19. Qf2 Qc7 20. Rae1 O-O 21.
Re3 b5 22. Rh3 g5 23. Bg3 Qb7 24. Qe2 Qd5 25. Rh5 b4 26. h4 gxh4 27. Bxh4 bxc3
28. bxc3 Rab8 29. Bf6 Kh7 30. Bxg7 Rg8 31. Bxh6 1-0

[Event "XXXIX C.to Italiano a squadre Master"]
[Site "Palermo ITA"]
[Date "2007.04.22"]
[Round "5"]
[White "Ferro, Mario"]
[Black "Amato, Andrea"]
[Result "0-1"]
[WhiteElo "2235"]
[BlackElo "2267"]
[PlyCount "88"]
[EventDate "2007.04.20"]

1. d4 d5 2. Nf3 Nf6 3. c4 dxc4 4. Nc3 a6 5. a4 c5 6. d5 e6 7. e4 exd5 8. exd5
Bd6 9. Bxc4 O-O 10. h3 Re8+ 11. Be3 Bf5 12. O-O h6 13. Bd3 Bxd3 14. Qxd3 Nbd7
15. Qf5 Ne5 16. Nd2 Bf8 17. Nde4 Nxd5 18. Bxh6 Nxc3 19. bxc3 Qd7 20. Qg5 Ng6
21. Rae1 Qc6 22. Qg4 gxh6 23. Re3 Re5 24. Ng3 Rg5 25. Qd1 Nh4 26. Re4 Rxg3 27.
fxg3 Qxe4 28. gxh4 Bg7 29. Qd7 Rf8 30. Rf3 Qe1+ 31. Rf1 Qxc3 32. Qxb7 a5 33.
Qb1 Qd4+ 34. Kh1 Qxa4 35. h5 c4 36. Qe4 Qa2 37. g4 Qb3 38. Kg2 Qd3 39. Qf4 c3
40. h4 Qd2+ 41. Qf2 Rd8 42. Kf3 Rd3+ 43. Ke4 Rd4+ 44. Kf5 Qd3# 0-1

[Event "XXXIX C.to Italiano a squadre Master"]
[Site "Palermo ITA"]
[Date "2007.04.22"]
[Round "5"]
[White "Lostuzzi, Manlio"]
[Black "Castaldo, Folco"]
[Result "0-1"]
[WhiteElo "2406"]
[BlackElo "2330"]
[PlyCount "64"]
[EventDate "2007.04.20"]

1. d4 e6 2. Nf3 f5 3. Bg5 Be7 4. h4 Nf6 5. Nbd2 Ne4 6. Bxe7 Qxe7 7. c3 O-O 8.
e3 d5 9. Bd3 Nd7 10. Qe2 c5 11. Bb5 Nef6 12. Bxd7 Bxd7 13. Ne5 b5 14. Nb3 c4
15. Nc5 Be8 16. f3 Rc8 17. g3 Qd6 18. f4 Bh5 19. Qd2 Rxc5 20. dxc5 Qxc5 21. Qd4
Qe7 22. O-O Ne4 23. Kg2 h6 24. Rh1 b4 25. Nc6 Qb7 26. Na5 Qb5 27. cxb4 Qxb4 28.
Nc6 Qa4 29. Ne7+ Kf7 30. b3 Qd7 31. Nxf5 exf5 32. bxc4 Rd8 0-1

[Event "XXXIX C.to Italiano a squadre Master"]
[Site "Palermo ITA"]
[Date "2007.04.22"]
[Round "5"]
[White "Mazzilli, Piero"]
[Black "Ramondino, Renzo"]
[Result "1-0"]
[WhiteElo "2294"]
[BlackElo "2289"]
[PlyCount "85"]
[EventDate "2007.04.20"]

1. g3 e5 2. c4 d6 3. Bg2 f5 4. e3 c6 5. d4 Nf6 6. Nc3 Na6 7. Nge2 Be7 8. Rb1 e4
9. b4 d5 10. c5 Nc7 11. b5 Ne6 12. h4 O-O 13. Nf4 Ng4 14. Qa4 Rf6 15. Bf1 Nc7
16. bxc6 bxc6 17. Be2 Rh6 18. Rh3 Rf6 19. Bd2 g6 20. Nd1 h6 21. Rh1 g5 22. Ng2
Qe8 23. Rb4 Bd8 24. Qb3 Ne6 25. Rb8 Rxb8 26. Qxb8 Bc7 27. Qxa7 Nxf2 28. Kxf2
Qg6 29. hxg5 Bxg3+ 30. Kxg3 Qxg5+ 31. Kf2 Rg6 32. Rg1 f4 33. exf4 Qg3+ 34. Kf1
Nxd4 35. Qb8 Nf3 36. Qxc8+ Kh7 37. Qd7+ Kg8 38. Qc8+ Kh7 39. Qd7+ Rg7 40. Qf5+
Kg8 41. Bxf3 exf3 42. Nde3 d4 43. Qe6+ 1-0

[Event "XXXIX C.to Italiano a squadre Master"]
[Site "Palermo ITA"]
[Date "2007.04.22"]
[Round "5"]
[White "Ortega, Lexy"]
[Black "D'Amore, Carlo"]
[Result "1/2-1/2"]
[WhiteElo "2425"]
[BlackElo "2476"]
[PlyCount "87"]
[EventDate "2007.04.20"]

1. d4 d5 2. Bf4 c6 3. e3 Qb6 4. Qc1 Bg4 5. c4 dxc4 6. Bxc4 Nd7 7. Nc3 e6 8. f3
Bh5 9. Nge2 Ngf6 10. e4 Be7 11. a3 Bg6 12. Be3 Qc7 13. O-O O-O 14. e5 Ne8 15.
f4 Nb6 16. Ba2 Qd7 17. Ng3 Nd5 18. Nxd5 cxd5 19. Bb1 Bxb1 20. Rxb1 g6 21. Qd2
f5 22. Rfc1 Nc7 23. Rc2 Rac8 24. Rbc1 Na8 25. Nf1 a6 26. a4 Nb6 27. b3 Ba3 28.
Rxc8 Nxc8 29. Rc2 Na7 30. Qd1 Nc6 31. Qa1 Bb4 32. Ng3 Kf7 33. Ne2 Ba5 34. Bd2
Bxd2 35. Rxd2 Nb4 36. Qc3 Qe7 37. Rd1 Rd8 38. Qh3 Kg7 39. Rc1 Rd7 40. Rc5 b6
41. Rc8 Rc7 42. Rxc7 Qxc7 43. Qh4 Kg8 44. Qf6 1/2-1/2

[Event "XXXIX C.to Italiano a squadre Master"]
[Site "Palermo ITA"]
[Date "2007.04.22"]
[Round "5"]
[White "Saccona, Silvano"]
[Black "Vitri, Sergio"]
[Result "1-0"]
[WhiteElo "2159"]
[BlackElo "2132"]
[PlyCount "96"]
[EventDate "2007.04.20"]

1. d4 Nf6 2. Nf3 c5 3. c3 Qc7 4. g3 b6 5. Bg2 Bb7 6. Bf4 d6 7. O-O Nbd7 8. dxc5
Nxc5 9. Na3 a6 10. Nc2 g6 11. Nb4 Bg7 12. Qc1 h6 13. Nd3 Nce4 14. Nd2 Nxd2 15.
Bxd2 Bxg2 16. Kxg2 Qc6+ 17. f3 Kf8 18. Qc2 Kg8 19. h4 b5 20. a4 Kh7 21. Qb3 Qc4
22. Ra3 Rhc8 23. Rfa1 Rab8 24. axb5 axb5 25. Qxc4 bxc4 26. Nb4 Rb7 27. Ra7 Rcc7
28. Ra8 Rc5 29. Kf2 Nd5 30. Re8 Rcb5 31. Ra2 e6 32. Rd8 Nxb4 33. cxb4 d5 34. e3
Bf6 35. Rc8 Rb8 36. Rc6 R5b6 37. Rc5 R8b7 38. Rc8 Rb8 39. Rc7 R8b7 40. Rc8 Rb8
41. Rc7 R6b7 42. Rxb7 Rxb7 43. Bc3 e5 44. Ra6 Kg7 45. f4 d4 46. fxe5 Bxe5 47.
exd4 Bf6 48. Rc6 Kf8 1-0

[Event "XXXIX C.to Italiano a squadre Master"]
[Site "Palermo ITA"]
[Date "2007.04.22"]
[Round "5"]
[White "Spada, Angelo"]
[Black "Ronchetti, Niccolo'"]
[Result "0-1"]
[WhiteElo "2100"]
[BlackElo "2410"]
[PlyCount "78"]
[EventDate "2007.04.20"]

1. d4 Nf6 2. e3 c5 3. c3 b6 4. f4 Bb7 5. Nf3 g6 6. Bd3 Bg7 7. O-O O-O 8. Nbd2
Qc7 9. Qe1 Nc6 10. Qh4 e6 11. dxc5 bxc5 12. e4 d5 13. e5 Nd7 14. Ng5 h6 15.
Bxg6 fxg6 16. Nxe6 Qc8 17. Nxf8 Qxf8 18. Nf3 Ba6 19. Re1 Bd3 20. Qh3 Qf5 21. g4
Qe6 22. Nh4 Be4 23. Nf3 Rf8 24. Rxe4 dxe4 25. Nh4 h5 26. f5 gxf5 27. Nxf5 hxg4
28. Nh6+ Bxh6 29. Qxh6 Qxh6 30. Bxh6 Re8 31. Rd1 Ncxe5 32. Rd5 Nf6 33. Rxc5
Nf3+ 34. Kf2 e3+ 35. Ke2 Ng1+ 36. Ke1 e2 37. Rf5 Nf3+ 38. Kf2 e1=Q+ 39. Kg2
Qg1# 0-1

[Event "XXXIX C.to Italiano a squadre Master"]
[Site "Palermo ITA"]
[Date "2007.04.22"]
[Round "5"]
[White "Vancini, Edoardo"]
[Black "Bianchini, Luigi"]
[Result "1-0"]
[WhiteElo "2308"]
[BlackElo "1539"]
[PlyCount "39"]
[EventDate "2007.04.20"]

1. Nf3 d5 2. c4 Nf6 3. cxd5 Nxd5 4. d4 g6 5. e4 Nf6 6. Nc3 Bg4 7. Qb3 Qc8 8.
Bc4 e6 9. Ne5 Bd6 10. h3 Bh5 11. Bg5 Be7 12. g4 Bxg4 13. hxg4 Nbd7 14. Nxf7
Kxf7 15. Bxe6+ Ke8 16. e5 Ng8 17. Bxg8 Bxg5 18. Qf7+ Kd8 19. Qg7 Nxe5 20. dxe5
1-0

[Event "XXXIX C.to Italiano a squadre Master"]
[Site "Palermo ITA"]
[Date "2007.04.22"]
[Round "5"]
[White "Vocaturo, Daniele"]
[Black "Manca, Federico"]
[Result "1/2-1/2"]
[WhiteElo "2450"]
[BlackElo "2424"]
[PlyCount "82"]
[EventDate "2007.04.20"]

1. e4 c5 2. a3 g6 3. b4 Bg7 4. Nc3 d6 5. g3 Nc6 6. Rb1 e6 7. Bg2 Nge7 8. Nge2
O-O 9. O-O Nd4 10. d3 Rb8 11. f4 b6 12. Be3 Bb7 13. Qd2 Qd7 14. Nd1 Nxe2+ 15.
Qxe2 d5 16. bxc5 d4 17. Bf2 bxc5 18. Nb2 Ba6 19. Qd2 Rb6 20. Nc4 Rxb1 21. Rxb1
Qa4 22. Rb3 Bxc4 23. dxc4 Nc6 24. Qd3 Na5 25. Rb5 Nxc4 26. Rxc5 Ne3 27. e5 Rb8
28. h3 Rb1+ 29. Kh2 Nxg2 30. Rc8+ Bf8 31. Bxd4 Qxa3 32. Qc4 Kg7 33. Rxf8 Qf3
34. Rxf7+ Kxf7 35. Qc7+ Kg8 36. Qd8+ Kg7 37. Qf6+ Kg8 38. Qd8+ Kg7 39. Qf6+ Kg8
40. Qxe6+ Kg7 41. Qf6+ Kg8 1/2-1/2

[Event "I Torneo Hotel Maxim A"]
[Site "Verona ITA"]
[Date "2007.04.23"]
[Round "4"]
[White "Garonzi, Martino"]
[Black "Bertani, Gianfranco"]
[Result "1/2-1/2"]
[WhiteElo "1941"]
[BlackElo "2140"]
[PlyCount "99"]
[EventDate "2007.04.21"]

1. e4 Nf6 2. e5 Nd5 3. c4 Nb6 4. d4 d6 5. exd6 cxd6 6. Nf3 g6 7. Nc3 Bg7 8. Be2
O-O 9. O-O Bg4 10. b3 Nc6 11. Be3 e6 12. Rc1 Qe7 13. Re1 h6 14. Qd2 g5 15. d5
Bxf3 16. Bxf3 Ne5 17. Bh5 Rad8 18. h4 g4 19. Ne4 exd5 20. cxd5 Qxh4 21. Ng3 Qf6
22. Rc7 Rd7 23. Rec1 Rfd8 24. a4 Rxc7 25. Rxc7 Rd7 26. Bxb6 axb6 27. Rxd7 Nxd7
28. Bxg4 Nc5 29. Qb4 Qa1+ 30. Kh2 Be5 31. Qxb6 Bxg3+ 32. Kxg3 Qe5+ 33. Kh3 Ne4
34. Qe3 Ng5+ 35. Kh4 Qxd5 36. f4 Ne4 37. Bf3 f5 38. g4 Qe6 39. Bxe4 fxe4 40. f5
Qe5 41. Kh3 Kg7 42. Qg3 Qd4 43. g5 h5 44. Kh4 e3+ 45. Kxh5 Qd1+ 46. Kh4 e2 47.
Qc3+ Kf7 48. Qc7+ Ke8 49. Qc8+ Ke7 50. Qc7+ 1/2-1/2

[Event "I Torneo Hotel Maxim A"]
[Site "Verona ITA"]
[Date "2007.04.24"]
[Round "6"]
[White "Garonzi, Martino"]
[Black "Bozzali, Ermanno"]
[Result "0-1"]
[WhiteElo "1941"]
[BlackElo "2064"]
[PlyCount "78"]
[EventDate "2007.04.21"]

1. e4 c5 2. Nf3 d6 3. d4 cxd4 4. Nxd4 Nf6 5. Nc3 a6 6. Be3 e5 7. Nb3 Be6 8. f3
h5 9. Qd2 Nbd7 10. O-O-O Rc8 11. Kb1 Qc7 12. Bg5 Be7 13. Be2 b5 14. Nd5 Bxd5
15. exd5 Nxd5 16. Bxe7 Nxe7 17. Bd3 d5 18. Qg5 Kf8 19. Rhe1 f6 20. Qh4 g5 21.
Qh3 Nc5 22. Bf5 Rd8 23. g3 Nxb3 24. cxb3 Qb6 25. f4 gxf4 26. gxf4 e4 27. Be6
Rd6 28. f5 Rh7 29. Rc1 Rxe6 30. fxe6 f5 31. Rf1 Qxe6 32. Rc7 Rh6 33. Qe3 Rg6
34. Qc5 Rf6 35. Rg1 Qd6 36. Qa7 Rg6 37. Rxg6 Qxg6 38. Rxe7 e3 39. Qxe3 f4+ 0-1

[Event "I Torneo Hotel Maxim A"]
[Site "Verona ITA"]
[Date "2007.04.25"]
[Round "7"]
[White "Roberti, Ignazio"]
[Black "Garonzi, Martino"]
[Result "0-1"]
[WhiteElo "1963"]
[BlackElo "1941"]
[PlyCount "94"]
[EventDate "2007.04.21"]

1. Nf3 d5 2. e3 Nf6 3. b3 Bf5 4. Bb2 e6 5. Nh4 Bg6 6. Nxg6 hxg6 7. d4 Bd6 8. h3
Ne4 9. Bd3 f5 10. Bxe4 fxe4 11. Qg4 Qf6 12. Nc3 c6 13. O-O-O Rh4 14. Qe2 Nd7
15. a4 O-O-O 16. a5 a6 17. Na4 Rdh8 18. c4 g5 19. cxd5 exd5 20. Nc5 Nxc5 21.
dxc5 Be5 22. Bd4 g4 23. g3 R4h5 24. Qxg4+ Kb8 25. Rd2 Bxd4 26. exd4 Rf5 27. Qe2
Rf3 28. Kb2 g5 29. Rh2 Qe6 30. h4 gxh4 31. gxh4 Qg4 32. Qe1 Qf4 33. Rh1 Rxh4
34. Rxh4 Qxh4 35. Qg1 Qf4 36. Qe1 Rh3 37. Ka2 Qf3 38. Qd1 Qc3 39. Qc2 Qxa5+ 40.
Kb2 Qb4 41. f4 Rf3 42. Rd1 e3 43. Qd3 Rf2+ 44. Kb1 Qa5 45. Rh1 Qa2+ 46. Kc1
Qb2+ 47. Kd1 Qa1+ 0-1

[Event "C.to Regionale Sardegna"]
[Site "Selargius ITA"]
[Date "2007.04.21"]
[Round "1"]
[White "Ibba, Isacco"]
[Black "Abis, Roberto"]
[Result "0-1"]
[WhiteElo "2203"]
[BlackElo "1699"]
[PlyCount "68"]
[EventDate "2007.04.21"]

1. f4 e5 2. e4 exf4 3. Bc4 d5 4. Bxd5 Qh4+ 5. Kf1 Nf6 6. Nf3 Qh5 7. Nc3 c6 8.
Bb3 Be6 9. Bxe6 fxe6 10. d4 g5 11. e5 Nd5 12. Ne4 Be7 13. c4 Nc7 14. Nd6+ Bxd6
15. exd6 Nca6 16. Qe2 Kd8 17. Qxe6 Nd7 18. Qe7+ Kc8 19. Qxg5 Qf7 20. b3 Rg8 21.
Qxf4 Qg6 22. g3 Rf8 23. Qe3 Nb4 24. Bb2 Nc2 25. Qe2 Nxa1 26. Bxa1 b6 27. Kg2
Kb7 28. c5 Rae8 29. Qf2 Qd3 30. Re1 Rxe1 31. Qxe1 Qxf3+ 32. Kg1 h5 33. h3 h4
34. g4 Qxh3 0-1

[Event "C.to Regionale Sardegna"]
[Site "Selargius ITA"]
[Date "2007.04.21"]
[Round "2"]
[White "Abis, Roberto"]
[Black "Pes, Francesco"]
[Result "1/2-1/2"]
[WhiteElo "1699"]
[BlackElo "1850"]
[PlyCount "45"]
[EventDate "2007.04.21"]

1. e4 e5 2. Nf3 Nc6 3. Bb5 a6 4. Ba4 Nf6 5. O-O Be7 6. Re1 b5 7. Bb3 O-O 8. c3
d6 9. h3 Bb7 10. d4 exd4 11. cxd4 d5 12. e5 Ne4 13. Nbd2 Nb4 14. Qe2 Ng5 15. a3
Nc6 16. Bc2 Ne6 17. Qd3 g6 18. Nb3 Na7 19. Na5 Rb8 20. b4 c5 21. Nxb7 Rxb7 22.
bxc5 Nc6 23. Bd2 1/2-1/2